000 00568nam a2200181Ia 4500
999 _c34294
_d34294
003 OSt
005 20200916133253.0
008 190216s9999||||xx |||||||||||||| ||und||
020 _a9788130910109
040 _coclc
082 _a621.3692078
_bSHE/F
100 _aShenoy, M R
_94624
245 0 _aFiber Optics Through Experiments /
_cM R Shenoy ; Sunil K Khijwania ; Ajoy Ghatak ; Bishnu P Pal
260 _bViva Books,
_c2009.
_aNew Delhi:
300 _a216p
650 _aPhysics
942 _cBK
_2ddc
_h621.3692078
_iSHE/F
_k621.3692078
_mSHE/F